[Event "Landesklasse Ost 2013/2014"]
[Site "?"]
[Date "2014.01.12"]
[Round "5"]
[White "Moje, Hans-Jürgen"]
[Black "Mitter, Frank"]
[Result "1/2-1/2"]
[WhiteElo "1725"]
[BlackElo "1781"]
[PlyCount "53"]
[EventDate "2014.??.??"]
[WhiteTeam "SV Hermsdorf"]
[BlackTeam "SSV Vimaria 91 Weimar"]

1. e4 c5 2. d4 cxd4 3. c3 dxc3 4. Nxc3 Nc6 5. Nf3 d6 6. Bc4 e6 7. O-O Be7 8.
Qe2 Nf6 9. Rd1 e5 10. h3 Be6 11. Nd5 O-O 12. Bg5 Bxd5 13. exd5 Nxd5 14. Bxd5
Bxg5 15. Bxc6 bxc6 16. Nxg5 Qxg5 17. Rxd6 Rfd8 18. Rad1 Rxd6 19. Rxd6 Qc1+ 20.
Kh2 Qc5 21. Rd7 g6 22. Qf3 Qc4 23. b3 Qe6 24. Qd1 a5 25. Rd8+ Rxd8 26. Qxd8+
Kg7 27. Qxa5 1/2-1/2

[Event "Landesklasse Ost 2013/2014"]
[Site "?"]
[Date "2014.01.12"]
[Round "5"]
[White "Philipp, Mathias"]
[Black "Hädrich, Dirk"]
[Result "0-1"]
[WhiteElo "1553"]
[BlackElo "1792"]
[PlyCount "104"]
[EventDate "2014.??.??"]
[WhiteTeam "SSV Vimaria 91 Weimar"]
[BlackTeam "SV Hermsdorf"]

1. e4 e6 2. c4 d5 3. cxd5 exd5 4. exd5 Qxd5 5. Nc3 Qd8 6. Bc4 Nf6 7. Nf3 Be7 8.
O-O O-O 9. d4 Bg4 10. Be3 Nbd7 11. h3 Bh5 12. g4 Bg6 13. Ne5 Nb6 14. Nxg6 hxg6
15. Bb3 Nfd5 16. Nxd5 Nxd5 17. Qf3 c6 18. Bxd5 Qxd5 19. Qxd5 cxd5 20. Rac1 Rac8
21. Rxc8 Rxc8 22. Rc1 Rxc1+ 23. Bxc1 Bd6 24. Bd2 Kf8 25. f4 Ke7 26. Kf2 Kd7 27.
Ke3 Kc6 28. h4 f5 29. a4 Be7 30. gxf5 gxf5 31. h5 Kd7 32. b4 a6 33. Be1 b5 34.
axb5 axb5 35. Kf3 Ke6 36. Kg3 Kf7 37. Kh3 Kg8 38. h6 g6 39. Bd2 Kh7 40. Kg3
Kxh6 41. Kh3 Kh5 42. Kg3 g5 43. fxg5 Bxg5 44. Bf4 Kg6 45. Be5 Be7 46. Kf4 Bxb4
47. Bc7 Kf6 48. Bd8+ Ke6 49. Ke3 Be1 50. Ke2 Bc3 51. Kd3 b4 52. Bg5 Kf7 0-1

[Event "Landesklasse Ost 2013/2014"]
[Site "?"]
[Date "2014.01.12"]
[Round "5"]
[White "Markowski, Erhard"]
[Black "Schmidt, Stephan"]
[Result "1/2-1/2"]
[WhiteElo "1689"]
[BlackElo "1639"]
[PlyCount "89"]
[EventDate "2014.??.??"]
[WhiteTeam "SV Hermsdorf"]
[BlackTeam "SSV Vimaria 91 Weimar"]

1. c4 e5 2. Nc3 Nf6 3. g3 d5 4. cxd5 Nxd5 5. Bg2 Nxc3 6. bxc3 Bc5 7. d3 O-O 8.
Nf3 Nc6 9. O-O Qd6 10. Ng5 Bf5 11. Rb1 Bb6 12. Qb3 Na5 13. Qa4 Bd7 14. Qh4 h6
15. Ne4 Qg6 16. Bxh6 f5 17. Bxg7 Qxg7 18. Ng5 c6 19. d4 e4 20. Qf4 Rf6 21. h4
Raf8 22. Qc1 Nc4 23. e3 Bc8 24. Rb4 Nd6 25. Ra4 Nf7 26. Nh3 a6 27. c4 Bc7 28.
Rd1 Rd8 29. Rb4 Rg6 30. Rb1 Kh8 31. Qa3 Bd6 32. Qa5 Rg8 33. Qe1 Rg4 34. Qe2
Rxh4 35. Nf4 Bxf4 36. exf4 Rh7 37. d5 Nh6 38. dxc6 bxc6 39. Rd6 Ng4 40. Rbd1
Rh6 41. f3 Qa7+ 42. R6d4 Nf6 43. fxe4 Rxg3 44. Qf2 Qg7 45. Rd8+ 1/2-1/2

[Event "Landesklasse Ost 2013/2014"]
[Site "?"]
[Date "2014.01.12"]
[Round "5"]
[White "Schröter, Paul"]
[Black "Bülau, Daniel"]
[Result "1/2-1/2"]
[WhiteElo "1692"]
[BlackElo "1495"]
[PlyCount "60"]
[EventDate "2014.??.??"]
[WhiteTeam "SSV Vimaria 91 Weimar"]
[BlackTeam "SV Hermsdorf"]

1. e4 e5 2. Nf3 Nc6 3. Bc4 Nf6 4. d3 h6 5. O-O Bc5 6. c3 d5 7. exd5 Nxd5 8. Re1
O-O 9. Nxe5 Nxe5 10. Rxe5 Be6 11. d4 Bd6 12. Re1 Nxc3 13. bxc3 Bxc4 14. Nd2 Be6
15. Qf3 Bd5 16. Qh5 Qd7 17. Nf1 Qc6 18. Qh3 Rfe8 19. Bd2 Re6 20. Rxe6 Bxe6 21.
Qh5 Re8 22. Ne3 Qb6 23. d5 Qc5 24. Qf3 Bd7 25. Rb1 b6 26. c4 Qd4 27. Qd1 Qe5
28. g3 Bc5 29. Qf1 Bf5 30. Re1 Qf6 1/2-1/2

[Event "Landesklasse Ost 2013/2014"]
[Site "?"]
[Date "2014.01.12"]
[Round "5"]
[White "Schulz, Phillip"]
[Black "Plontke, Ingo"]
[Result "1/2-1/2"]
[WhiteElo "1504"]
[BlackElo "1905"]
[PlyCount "63"]
[EventDate "2014.??.??"]
[WhiteTeam "SV Hermsdorf"]
[BlackTeam "SSV Vimaria 91 Weimar"]

1. d4 f5 2. g3 Nf6 3. Bg2 g6 4. Nf3 Bg7 5. O-O O-O 6. c4 d6 7. Nc3 Qe8 8. d5 h6
9. Nd4 Na6 10. e4 fxe4 11. Nxe4 Qf7 12. Ne6 Re8 13. Nxf6+ exf6 14. Re1 c5 15.
Bf4 Bf8 16. Qb3 Nc7 17. Nxf8 Rxe1+ 18. Rxe1 Qxf8 19. Qd3 Bf5 20. Be4 Re8 21.
Re2 Qe7 22. Bxf5 Qxe2 23. Be6+ Rxe6 24. Qxg6+ Kf8 25. Bxh6+ Ke7 26. dxe6 Nxe6
27. Qh7+ Kd8 28. Qxb7 Qxc4 29. Qb8+ Kd7 30. Qxa7+ Nc7 31. a3 Qe4 32. Qb6
1/2-1/2

[Event "Landesklasse Ost 2013/2014"]
[Site "?"]
[Date "2014.01.12"]
[Round "5"]
[White "Hoffmann, Tim"]
[Black "Osterloh, Felix"]
[Result "1-0"]
[WhiteElo "1924"]
[BlackElo "1958"]
[PlyCount "119"]
[EventDate "2014.??.??"]
[WhiteTeam "ESV Gera"]
[BlackTeam "SV Schott Jena"]

1. e4 e5 2. Nf3 Nc6 3. Bc4 Bc5 4. c3 Nf6 5. d3 d6 6. Bb3 a6 7. h3 h6 8. Nbd2 b5
9. Nf1 Ba7 10. Qe2 Na5 11. Bc2 c5 12. Ne3 Nc6 13. Bb3 Na5 14. Bc2 Nc6 15. Bd2
Be6 16. g4 Qd7 17. Nf5 Bxf5 18. gxf5 O-O-O 19. O-O-O g5 20. h4 g4 21. Nh2 Rdg8
22. Rdg1 h5 23. f3 gxf3 24. Qxf3 c4 25. Rxg8+ Rxg8 26. dxc4 bxc4 27. Qe2 d5 28.
Bg5 Nh7 29. Rd1 Nxg5 30. hxg5 Rxg5 31. exd5 Na5 32. Qxe5 Rg1 33. Rxg1 Bxg1 34.
Nf3 Bb6 35. f6 Bc7 36. Qxh5 Qe8 37. Qg5 Nb7 38. b3 Bb6 39. Kb2 Nd6 40. Ne5 Qb5
41. Qg8+ Kc7 42. Nxf7 Qxd5 43. Qd8+ Kc6 44. Qxd6+ Qxd6 45. Nxd6 Kxd6 46. f7 Ke7
47. Bg6 Bc5 48. b4 Bd6 49. Bh5 Ke6 50. a4 Bf8 51. b5 axb5 52. axb5 Kd6 53. Bf3
Kc5 54. Bc6 Kd6 55. Kc2 Bh6 56. Kd1 Ke6 57. Be8 Ke7 58. b6 Bf4 59. b7 Be5 60.
Ke2 1-0

[Event "Landesklasse Ost 2013/2014"]
[Site "?"]
[Date "2014.01.12"]
[Round "5"]
[White "Seifert, Michael"]
[Black "Puschendorf, Steffen"]
[Result "1-0"]
[WhiteElo "1770"]
[BlackElo "2083"]
[PlyCount "129"]
[EventDate "2014.??.??"]
[WhiteTeam "SV Schott Jena"]
[BlackTeam "ESV Gera"]

1. Nf3 d6 2. d4 g6 3. g3 Bg7 4. c4 Nd7 5. Bg2 e5 6. Nc3 Ne7 7. O-O O-O 8. e4
exd4 9. Nxd4 Nc6 10. Nxc6 bxc6 11. Qc2 Qf6 12. Rb1 Ne5 13. f4 Nxc4 14. Ne2 Nb6
15. Qxc6 Ba6 16. Re1 Bd3 17. Ra1 Qe7 18. Nc3 Rab8 19. Nd5 Nxd5 20. Qxd5 Bb5 21.
Rb1 Qe6 22. Qxe6 fxe6 23. Bf1 Bxf1 24. Rxf1 Bd4+ 25. Kg2 c5 26. b3 d5 27. Ba3
dxe4 28. Rbe1 e3 29. Bc1 Rb6 30. Bxe3 Ra6 31. Rf2 Rc8 32. Rc2 Rac6 33. Kf3 Kf7
34. Bxd4 cxd4 35. Rxc6 Rxc6 36. Re2 d3 37. Rd2 e5 38. Rxd3 exf4 39. Kxf4 Ke6
40. a3 Rc2 41. h4 h6 42. Ke4 Rc1 43. Kd4 g5 44. hxg5 hxg5 45. Rf3 Rg1 46. b4
Ra1 47. Kc5 Ke5 48. Kc6 Ke4 49. Rb3 Rf1 50. Kb7 g4 51. b5 Rf3 52. Rb4+ Ke5 53.
a4 Rxg3 54. Kxa7 Rh3 55. b6 g3 56. Rb1 g2 57. Rg1 Ra3 58. Rxg2 Rxa4+ 59. Kb8
Ke6 60. Rd2 Ra3 61. b7 Ra4 62. Kc7 Rc4+ 63. Kb6 Rb4+ 64. Kc6 Rb1 65. Re2+ 1-0

[Event "Landesklasse Ost 2013/2014"]
[Site "?"]
[Date "2014.01.12"]
[Round "5"]
[White "Gläßl, Matthias"]
[Black "Richter, Jan"]
[Result "1-0"]
[WhiteElo "2050"]
[BlackElo "1899"]
[PlyCount "93"]
[EventDate "2014.??.??"]
[WhiteTeam "ESV Gera"]
[BlackTeam "SV Schott Jena"]

1. e4 e6 2. d4 d5 3. Nc3 Bb4 4. e5 c5 5. Qg4 Ne7 6. dxc5 Nbc6 7. Bd2 Ng6 8. Nf3
Bxc5 9. Bd3 Nb4 10. Bxg6 hxg6 11. O-O-O Bd7 12. a3 Na6 13. h4 Qb6 14. h5 gxh5
15. Rxh5 Rxh5 16. Qxh5 O-O-O 17. Qxf7 Bxf2 18. Bg5 Be3+ 19. Kb1 Bxg5 20. Nxg5
Nc5 21. Qxg7 Na4 22. Nxa4 Bxa4 23. Qg6 Kb8 24. Nf3 Rc8 25. Nd4 Qc7 26. b3 Bd7
27. Qg3 Qc5 28. Kb2 Rf8 29. Rd2 a6 30. Qg7 Rf2 31. Qg5 Rf8 32. g4 Qc8 33. Qe3
Be8 34. Qh6 Bd7 35. g5 Rh8 36. Qf6 Rh3 37. Ne2 Bb5 38. c4 Bc6 39. Nf4 Rf3 40.
g6 Ka7 41. c5 Bd7 42. Rc2 d4 43. g7 d3 44. Qf8 Qc7 45. g8=Q Qxe5+ 46. Ka2 dxc2
47. Qa8# 1-0

[Event "Landesklasse Ost 2013/2014"]
[Site "?"]
[Date "2014.01.12"]
[Round "5"]
[White "Richter, Gerhard"]
[Black "Schmidt, Frank"]
[Result "1/2-1/2"]
[WhiteElo "2010"]
[BlackElo "1921"]
[PlyCount "113"]
[EventDate "2014.??.??"]
[WhiteTeam "SV Schott Jena"]
[BlackTeam "ESV Gera"]

1. Nf3 d6 2. d4 g6 3. g3 Bg7 4. Bg2 Nd7 5. O-O e5 6. e4 Ne7 7. Be3 O-O 8. Qd2
exd4 9. Bxd4 Nc6 10. Bxg7 Kxg7 11. Nc3 Nb6 12. Rad1 Bg4 13. h3 Bxf3 14. Bxf3
Ne5 15. Be2 f6 16. f4 Nc6 17. Rfe1 Rf7 18. Bf3 Qe8 19. Ne2 Qe6 20. Kh2 Qxa2 21.
b3 Qa3 22. Nd4 Nxd4 23. Qxd4 Qc5 24. Qb2 Nd7 25. b4 Qb6 26. Re2 Re8 27. Bg4
Ree7 28. c4 c5 29. Bxd7 Rxd7 30. e5 dxe5 31. Rxd7 Rxd7 32. fxe5 cxb4 33. exf6+
Qxf6 34. Qxb4 b6 35. Qe1 Rf7 36. h4 h6 37. Qc1 Qd4 38. Qc2 Rf1 39. Rg2 g5 40.
hxg5 hxg5 41. Qe2 Qf6 42. Qb2 Qxb2 43. Rxb2 Rc1 44. Ra2 Rxc4 45. Rxa7+ Kf6 46.
Rb7 Rb4 47. Kh3 b5 48. Rb8 g4+ 49. Kh4 Ke6 50. Rd8 Ke5 51. Kg5 Rc4 52. Rb8 b4
53. Rb5+ Kd6 54. Rb8 Kc5 55. Kf5 Rd4 56. Ke5 Rc4 57. Rb7 1/2-1/2

[Event "Landesklasse Ost 2013/2014"]
[Site "?"]
[Date "2014.01.12"]
[Round "5"]
[White "Senf, Paul"]
[Black "Mauch, Johannes"]
[Result "0-1"]
[WhiteElo "1700"]
[BlackElo "1783"]
[PlyCount "104"]
[EventDate "2014.??.??"]
[WhiteTeam "ESV Gera"]
[BlackTeam "SV Schott Jena"]

1. e4 e6 2. d4 d5 3. Nc3 Bb4 4. e5 c5 5. a3 Bxc3+ 6. bxc3 Ne7 7. Nf3 Bd7 8. a4
Qa5 9. Bd2 Nbc6 10. Be2 f6 11. exf6 gxf6 12. c4 Qc7 13. Bc3 cxd4 14. Nxd4 Nxd4
15. Qxd4 e5 16. Qh4 Rf8 17. Bb4 Bf5 18. O-O d4 19. Bd3 Bg6 20. Qh6 O-O-O 21.
Bxe7 Qxe7 22. Bxg6 hxg6 23. Qxg6 Rg8 24. Qf5+ Kb8 25. Rfb1 Rg5 26. Qf3 Rdg8 27.
Rb3 Rxg2+ 28. Qxg2 Rxg2+ 29. Kxg2 Qc5 30. Rab1 b6 31. Rb4 Kc7 32. R1b3 Kd6 33.
h4 e4 34. Rb5 Qxc4 35. R3b4 Qc3 36. h5 Ke6 37. h6 Qf3+ 38. Kg1 Qg4+ 39. Kf1
Qd1+ 40. Kg2 Qg4+ 41. Kf1 Qh3+ 42. Ke2 Qf3+ 43. Kd2 Qxf2+ 44. Kc1 Kf7 45. a5
Kg6 46. axb6 axb6 47. Rxb6 Kxh6 48. Rb3 e3 49. Re6 e2 50. Kb2 e1=Q 51. Rxe1
Qxe1 52. Rd3 Qe5 0-1

[Event "Landesklasse Ost 2013/2014"]
[Site "?"]
[Date "2014.01.12"]
[Round "5"]
[White "Richter, Sebastian"]
[Black "Hilbig, Dieter"]
[Result "0-1"]
[WhiteElo "1765"]
[BlackElo "1894"]
[PlyCount "38"]
[EventDate "2014.??.??"]
[WhiteTeam "SV Schott Jena"]
[BlackTeam "ESV Gera"]

1. e4 c5 2. Nf3 Nc6 3. d4 cxd4 4. Nxd4 e5 5. Nb5 d6 6. c4 Be7 7. Be2 f5 8. exf5
Bxf5 9. O-O Nf6 10. N1c3 a6 11. Na3 O-O 12. Be3 Qe8 13. Qd2 Qg6 14. f4 Rae8 15.
Rae1 Bh3 16. Rf2 Ng4 17. f5 Rxf5 18. Bd3 Nxf2 19. Qxf2 Rxf2 0-1

[Event "Landesklasse Ost 2013/2014"]
[Site "?"]
[Date "2014.01.12"]
[Round "5"]
[White "Steinmüller, Johannes"]
[Black "Scholz, Lucas"]
[Result "1/2-1/2"]
[WhiteElo "1744"]
[BlackElo "1732"]
[PlyCount "56"]
[EventDate "2014.??.??"]
[WhiteTeam "ESV Gera"]
[BlackTeam "SV Schott Jena"]

1. e4 e5 2. Nf3 Nc6 3. Bb5 a6 4. Bxc6 dxc6 5. d4 exd4 6. Qxd4 Qxd4 7. Nxd4 Bc5
8. Be3 Nf6 9. f3 Bd7 10. O-O O-O 11. Nf5 Bxe3+ 12. Nxe3 Be6 13. Nc3 Rfd8 14.
Rfd1 h5 15. Rxd8+ Rxd8 16. Rd1 Rxd1+ 17. Nexd1 h4 18. Nf2 b5 19. Nd3 Nd7 20. b3
f6 21. Kf2 Kf7 22. Nf4 g5 23. Nxe6 Kxe6 24. Ke3 Ne5 25. Ne2 c5 26. g3 hxg3 27.
hxg3 b4 28. c4 g4 1/2-1/2

[Event "Landesklasse Ost 2013/2014"]
[Site "?"]
[Date "2014.01.12"]
[Round "5"]
[White "Jordan, Gunter"]
[Black "Kupper, Matthias"]
[Result "1/2-1/2"]
[WhiteElo "1855"]
[BlackElo "1758"]
[PlyCount "98"]
[EventDate "2014.??.??"]
[WhiteTeam "SV Schott Jena"]
[BlackTeam "ESV Gera"]

1. d4 d5 2. c4 e6 3. Nc3 Nf6 4. Bg5 Nbd7 5. e3 Be7 6. Nf3 h6 7. Bh4 O-O 8. Bd3
c5 9. O-O b6 10. cxd5 exd5 11. Ne5 Bb7 12. Bg3 c4 13. Bf5 Nxe5 14. Bxe5 g6 15.
Bc2 Qd7 16. Qf3 Qe6 17. Nb5 Ne8 18. Rfe1 f5 19. Qg3 a6 20. Nc3 Nd6 21. f3 g5
22. e4 dxe4 23. fxe4 f4 24. Qf2 Rac8 25. Bxd6 Bxd6 26. e5 Be7 27. Be4 Bxe4 28.
Rxe4 Qf5 29. Rae1 b5 30. Nd5 Bd8 31. g3 fxg3 32. Qxg3 Kh7 33. Qg2 Qe6 34. R4e2
a5 35. Qe4+ Kh8 36. Rf1 Rxf1+ 37. Kxf1 b4 38. Rf2 c3 39. bxc3 bxc3 40. Rf8+ Kg7
41. Rf6 Qh3+ 42. Kg1 Bxf6 43. exf6+ Kh8 44. Qe7 Qg4+ 45. Kf2 Qxd4+ 46. Kf1 Qd3+
47. Kf2 Qd4+ 48. Kf1 Qd3+ 49. Kf2 Qd4+ 1/2-1/2

[Event "Landesklasse Ost 2013/2014"]
[Site "?"]
[Date "2014.01.12"]
[Round "5"]
[White "Kosowski, Todor"]
[Black "Seidens, Gunter"]
[Result "1/2-1/2"]
[WhiteElo "2162"]
[BlackElo "1927"]
[PlyCount "71"]
[EventDate "2014.??.??"]
[WhiteTeam "SG Arnstadt-Stadtilm"]
[BlackTeam "VfL 1990 Gera"]

1. e4 d6 2. d4 Nf6 3. Nc3 g6 4. f3 c6 5. Be3 b5 6. Qd2 a6 7. Nge2 Nbd7 8. a3
Bb7 9. Bh6 Qc7 10. O-O-O O-O-O 11. g3 Nb6 12. Bxf8 Rhxf8 13. Kb1 Kb8 14. Nc1 e5
15. Nb3 c5 16. Qg5 cxd4 17. Nxb5 Nxe4 18. fxe4 axb5 19. Bd3 Nc4 20. Rhe1 f6 21.
Qh4 d5 22. exd5 Bxd5 23. Be4 f5 24. Bxd5 Rxd5 25. Nc1 Rc8 26. c3 Nxb2 27. Kxb2
Qxc3+ 28. Kb1 Qc2+ 29. Ka1 Rc3 30. Qe7 Rdc5 31. Qd8+ Kb7 32. Qd7+ Kb8 33. Qd8+
Kb7 34. Qd7+ Kb6 35. Qd6+ Kb7 36. Qd7+ 1/2-1/2

[Event "Landesklasse Ost 2013/2014"]
[Site "?"]
[Date "2014.01.12"]
[Round "5"]
[White "Kretzschmar, Bernd"]
[Black "Buring, Matthias"]
[Result "0-1"]
[WhiteElo "1867"]
[BlackElo "2041"]
[PlyCount "60"]
[EventDate "2014.??.??"]
[WhiteTeam "VfL 1990 Gera"]
[BlackTeam "SG Arnstadt-Stadtilm"]

1. e4 d5 2. exd5 Nf6 3. Nf3 Nxd5 4. d4 Bg4 5. h3 Bh5 6. Be2 e6 7. O-O Be7 8. c4
Nb6 9. Nc3 Nc6 10. c5 Nd5 11. Be3 O-O 12. Qd2 Qd7 13. Ne5 Nxe5 14. Bxh5 Nc4 15.
Qe2 Ncxe3 16. fxe3 Bg5 17. Nxd5 exd5 18. Qd3 Rae8 19. Rae1 Qe6 20. Kh1 c6 21.
Bg4 Qe4 22. Qb3 f5 23. Bf3 Qe7 24. e4 fxe4 25. Rxe4 Qxe4 26. Bxe4 Rxf1+ 27. Kh2
Rxe4 28. h4 Rxh4+ 29. Kg3 h5 30. Qxb7 Bf4+ 0-1

[Event "Landesklasse Ost 2013/2014"]
[Site "?"]
[Date "2014.01.12"]
[Round "5"]
[White "Sauer, Marko"]
[Black "Welde, Kevin"]
[Result "0-1"]
[WhiteElo "1977"]
[BlackElo "1853"]
[PlyCount "86"]
[EventDate "2014.??.??"]
[WhiteTeam "SG Arnstadt-Stadtilm"]
[BlackTeam "VfL 1990 Gera"]

1. e4 c5 2. Nf3 Nc6 3. d4 cxd4 4. Nxd4 a6 5. c4 e6 6. Nc3 d6 7. Be2 Nf6 8. Be3
Be7 9. f4 Qc7 10. O-O b6 11. Rc1 Bb7 12. Nd5 Qd8 13. Nxc6 Bxc6 14. Bxb6 Qb8 15.
Nc7+ Kf8 16. Nxa8 Bxa8 17. Qb3 Nxe4 18. Be3 Qc8 19. c5 dxc5 20. Bxa6 Qc7 21.
Bd3 Bd5 22. Qc2 f5 23. b4 Kf7 24. a4 Rb8 25. b5 Ra8 26. Ra1 c4 27. Bxe4 Bxe4
28. Qc3 Qb7 29. Qxc4 Bxg2 30. Rf2 Bd5 31. Qd3 Be4 32. Qb3 Rd8 33. Rd1 Ra8 34.
Rc1 Rd8 35. Qc4 Rd3 36. Bd4 Qd7 37. Be5 Rd1+ 38. Rxd1 Qxd1+ 39. Qf1 Qg4+ 40.
Rg2 Bxg2 41. Qd3 Be4+ 42. Qg3 Bc5+ 43. Kf1 Qd1+ 0-1

[Event "Landesklasse Ost 2013/2014"]
[Site "?"]
[Date "2014.01.12"]
[Round "5"]
[White "Huster, Mike"]
[Black "Schätz, Bianca"]
[Result "1/2-1/2"]
[WhiteElo "1899"]
[BlackElo "1817"]
[PlyCount "64"]
[EventDate "2014.??.??"]
[WhiteTeam "VfL 1990 Gera"]
[BlackTeam "SG Arnstadt-Stadtilm"]

1. d4 d5 2. Nf3 Nf6 3. c4 e6 4. g3 Be7 5. Bg2 O-O 6. O-O dxc4 7. Nbd2 Nbd7 8.
Nxc4 c5 9. b3 Nb6 10. Nce5 Nbd5 11. Bb2 Bd7 12. Nd3 cxd4 13. Nxd4 Rc8 14. Qd2
Qb6 15. a3 Rfd8 16. e4 Nc7 17. Ne5 Be8 18. Qe3 Nb5 19. Rfd1 Bc5 20. Nc4 Qa6 21.
a4 Nxd4 22. Bxd4 Bxd4 23. Rxd4 b5 24. Ne5 bxa4 25. bxa4 Qb6 26. Rad1 Rxd4 27.
Qxd4 Qa5 28. g4 h6 29. h4 Qxa4 30. Qxa4 Bxa4 31. Ra1 Bc6 32. f3 Nd7 1/2-1/2

[Event "Landesklasse Ost 2013/2014"]
[Site "?"]
[Date "2014.01.12"]
[Round "5"]
[White "Hattendorf, Jens"]
[Black "Richter, Sven"]
[Result "1-0"]
[WhiteElo "1892"]
[BlackElo "1937"]
[PlyCount "61"]
[EventDate "2014.??.??"]
[WhiteTeam "SG Arnstadt-Stadtilm"]
[BlackTeam "VfL 1990 Gera"]

1. e4 g6 2. d4 Bg7 3. Nc3 c5 4. Nf3 cxd4 5. Nxd4 Nc6 6. Be3 Nf6 7. Be2 O-O 8.
Nb3 d6 9. f4 e5 10. O-O exf4 11. Bxf4 Ne5 12. Qd2 Bg4 13. Rad1 Qb6+ 14. Be3 Qc6
15. Nd4 Qc8 16. Ndb5 Nc4 17. Bxc4 Qxc4 18. Nxd6 Qb4 19. a3 Qa5 20. Ne2 Qh5 21.
Ng3 Qe5 22. Bd4 Qe7 23. Rde1 Rad8 24. e5 Ne8 25. Nge4 Bxe5 26. Bxe5 Qxe5 27.
Nxe8 Rxd2 28. N4f6+ Qxf6 29. Nxf6+ Kg7 30. Nxg4 Rxc2 31. Re7 1-0

[Event "Landesklasse Ost 2013/2014"]
[Site "?"]
[Date "2014.01.12"]
[Round "5"]
[White "Manicke, Hans-Joachim"]
[Black "Jank, Kevin"]
[Result "1/2-1/2"]
[WhiteElo "1921"]
[BlackElo "1625"]
[PlyCount "102"]
[EventDate "2014.??.??"]
[WhiteTeam "VfL 1990 Gera"]
[BlackTeam "SG Arnstadt-Stadtilm"]

1. b4 c6 2. c4 Nf6 3. Bb2 Qb6 4. Qb3 d5 5. c5 Qc7 6. e3 e5 7. Nf3 Nbd7 8. Be2
Be7 9. O-O O-O 10. d4 e4 11. Nfd2 Ne8 12. Nc3 Kh8 13. a4 f5 14. f4 Nef6 15. b5
Qd8 16. a5 Qe8 17. a6 Qg6 18. Qa4 Ne8 19. Ba3 Nc7 20. Rfb1 cxb5 21. Bxb5 Nxb5
22. Nxb5 Qc6 23. Nc3 Nf6 24. axb7 Bxb7 25. Qxc6 Bxc6 26. Nb3 Bd8 27. Bc1 a5 28.
Na4 Nd7 29. Nd2 Ra6 30. h3 Bc7 31. Nc3 Rb8 32. Rxb8+ Bxb8 33. Rb1 Ra7 34. Ba3
Rb7 35. Rxb7 Bxb7 36. Nb3 Bc7 37. Nb5 a4 38. Nd2 Ba5 39. Nb1 g6 40. Kf2 Kg7 41.
Bb2 Kf6 42. N1c3 Bxc3 43. Bxc3 Nb8 44. Ke1 Ke7 45. g3 Bc6 46. Na3 Kd7 47. Kd2
Kc8 48. Kc2 Kb7 49. Kb2 Ka6 50. Nc2 Kb5 51. Na3+ Ka6 1/2-1/2

[Event "Landesklasse Ost 2013/2014"]
[Site "?"]
[Date "2014.01.12"]
[Round "5"]
[White "Widmann, Benjamin"]
[Black "Schönfeld, Volker"]
[Result "1/2-1/2"]
[WhiteElo "1850"]
[BlackElo "1900"]
[PlyCount "110"]
[EventDate "2014.??.??"]
[WhiteTeam "SG Arnstadt-Stadtilm"]
[BlackTeam "VfL 1990 Gera"]

1. c4 Nf6 2. Nc3 d5 3. cxd5 Nxd5 4. g3 g6 5. Bg2 Nxc3 6. bxc3 Bg7 7. Nf3 O-O 8.
O-O e5 9. Qc2 Nc6 10. Bb2 Be6 11. c4 h6 12. d3 Qd7 13. Rfd1 Bh3 14. Bh1 Rad8
15. Bc3 b6 16. Qb2 Rfe8 17. Nd2 Nd4 18. Bxd4 exd4 19. Re1 Bg4 20. Nf3 Re6 21.
Bg2 Re7 22. Rac1 c5 23. Qb5 Qc8 24. a4 Bd7 25. Qb3 Rde8 26. Rc2 Qa6 27. Ra2 Qa5
28. Qc2 Bc6 29. Qd1 Bb7 30. Nd2 Bxg2 31. Kxg2 f5 32. Nb3 Qa6 33. Kg1 g5 34. Qd2
Qb7 35. a5 Be5 36. axb6 axb6 37. Rb2 Qc6 38. Ra1 Bd6 39. Nc1 f4 40. Ra6 Bc7 41.
f3 fxg3 42. hxg3 Ra8 43. Rxa8+ Qxa8 44. Kg2 Qc6 45. Ra2 Qd6 46. Ra8+ Kg7 47.
Qe1 g4 48. Qf2 gxf3+ 49. exf3 Qg6 50. Ra2 Bf4 51. Re2 Be3 52. Qe1 Re5 53. Ra2
Rg5 54. Ra7+ Kf6 55. Rb7 Re5 1/2-1/2

[Event "Landesklasse Ost 2013/2014"]
[Site "?"]
[Date "2014.01.12"]
[Round "5"]
[White "Piontek, Michael"]
[Black "Marufke, Kai"]
[Result "1/2-1/2"]
[WhiteElo "1823"]
[BlackElo "1875"]
[PlyCount "37"]
[EventDate "2014.??.??"]
[WhiteTeam "VfL 1990 Gera"]
[BlackTeam "SG Arnstadt-Stadtilm"]

1. g3 f5 2. Bg2 Nf6 3. Nf3 e6 4. O-O Be7 5. b3 O-O 6. Bb2 d5 7. d3 Nbd7 8. Nbd2
Ng4 9. e3 Bf6 10. d4 Be7 11. c4 Ndf6 12. h3 Nh6 13. Ne5 Ne4 14. Nxe4 fxe4 15.
g4 Nf7 16. Nxf7 Rxf7 17. f3 exf3 18. Rxf3 Qf8 19. Qe2 1/2-1/2

[Event "Landesklasse Ost 2013/2014"]
[Site "?"]
[Date "2014.02.02"]
[Round "6"]
[White "Skibbe, Diana"]
[Black "Hoffmann, Tim"]
[Result "1/2-1/2"]
[WhiteElo "1927"]
[BlackElo "1924"]
[PlyCount "95"]
[EventDate "2014.??.??"]
[WhiteTeam "SC Rochade Zeulenroda"]
[BlackTeam "ESV Gera"]

1. e4 c5 2. c3 d5 3. exd5 Qxd5 4. d4 Nc6 5. Nf3 Bf5 6. Nbd2 cxd4 7. Bc4 Qd7 8.
cxd4 e6 9. O-O Bd6 10. Qe2 Nge7 11. Ne5 Nxd4 12. Nxd7 Nxe2+ 13. Bxe2 Kxd7 14.
Nc4 Rad8 15. Rd1 Nc8 16. Bf4 Ke7 17. Nxd6 Nxd6 18. Rac1 Ne8 19. Bd2 Rd7 20. Bb5
Rd5 21. Bc4 Rd7 22. Bb4+ Kd8 23. Rxd7+ Kxd7 24. Bb5+ Kd8 25. Rd1+ Kc8 26. Be7
Nf6 27. Rc1+ Kb8 28. Bd6+ Ka8 29. Be5 a6 30. Be2 Rd8 31. Bf3 Rd7 32. a4 Ka7 33.
a5 b6 34. Bc6 Rd2 35. Bc3 Rd8 36. axb6+ Kxb6 37. Be5 Rd2 38. Bf3 Be4 39. Bxe4
Nxe4 40. Bxg7 Kb5 41. f3 Nc5 42. Bc3 Rd5 43. Ra1 Nb7 44. Kf2 a5 45. Kg3 a4 46.
Kg4 Nd6 47. Re1 Nc4 48. Re2 1/2-1/2

[Event "Landesklasse Ost 2013/2014"]
[Site "?"]
[Date "2014.02.02"]
[Round "6"]
[White "Puschendorf, Steffen"]
[Black "Barth, Christian"]
[Result "1-0"]
[WhiteElo "2083"]
[BlackElo "1787"]
[PlyCount "61"]
[EventDate "2014.??.??"]
[WhiteTeam "ESV Gera"]
[BlackTeam "SC Rochade Zeulenroda"]

1. d4 d5 2. c4 e6 3. Nf3 Nf6 4. g3 b6 5. Bg2 Bb7 6. cxd5 Nxd5 7. O-O Be7 8. Ne5
Nd7 9. Qa4 f6 10. Nc6 Qc8 11. e4 Bxc6 12. Qxc6 Nb4 13. Qc3 c5 14. a3 Na6 15. d5
e5 16. Bh3 Bd6 17. Qf3 Qb7 18. Qg4 Nf8 19. Nc3 h5 20. Qe2 Nc7 21. f4 Nd7 22.
Bxd7+ Kxd7 23. fxe5 Bxe5 24. Bf4 Rae8 25. Bxe5 Rxe5 26. Rad1 Qa6 27. Kg2 Kd6
28. a4 Qc8 29. Rf4 Qd7 30. Qf1 Rg5 31. Rxf6+ 1-0

[Event "Landesklasse Ost 2013/2014"]
[Site "?"]
[Date "2014.02.02"]
[Round "6"]
[White "Wolfram, Thomas"]
[Black "Gläßl, Matthias"]
[Result "1-0"]
[WhiteElo "1725"]
[BlackElo "2050"]
[PlyCount "65"]
[EventDate "2014.??.??"]
[WhiteTeam "SC Rochade Zeulenroda"]
[BlackTeam "ESV Gera"]

1. d4 Nf6 2. e3 d6 3. f4 g6 4. Nf3 Bg7 5. Bd3 O-O 6. O-O Nc6 7. e4 Bg4 8. c3 d5
9. e5 Nd7 10. Qc2 e6 11. h3 Bf5 12. g4 Bxd3 13. Qxd3 Ne7 14. b3 c5 15. Be3 Rc8
16. Nbd2 cxd4 17. cxd4 Qa5 18. Rfc1 a6 19. Nf1 Bh6 20. f5 Bxe3+ 21. Nxe3 exf5
22. gxf5 Rxc1+ 23. Rxc1 Rc8 24. Rxc8+ Nxc8 25. e6 fxe6 26. fxg6 h6 27. Ng4 h5
28. Qe3 Nf8 29. Nf6+ Kg7 30. Ne8+ Kxg6 31. Ne5+ Kh7 32. Nf6+ Kg7 33. Qg5+ 1-0

[Event "Landesklasse Ost 2013/2014"]
[Site "?"]
[Date "2014.02.02"]
[Round "6"]
[White "Schmidt, Frank"]
[Black "Werner, Daniel"]
[Result "1/2-1/2"]
[WhiteElo "1921"]
[BlackElo "1759"]
[PlyCount "41"]
[EventDate "2014.??.??"]
[WhiteTeam "ESV Gera"]
[BlackTeam "SC Rochade Zeulenroda"]

1. d4 Nf6 2. Nf3 d5 3. e3 Bg4 4. c4 e6 5. Qb3 Qc8 6. Ne5 Bf5 7. Nc3 c6 8. Bd2
Ne4 9. Nf3 Nd7 10. Rc1 Ndf6 11. h3 Nxc3 12. Bxc3 Be7 13. Bb4 Qd8 14. Qa3 Bxb4+
15. Qxb4 Qe7 16. Qxe7+ Kxe7 17. Ne5 h6 18. Bd3 Bxd3 19. Nxd3 Nd7 20. Ke2 Rhc8
21. cxd5 1/2-1/2